Environmental health criteria; N.193 Phosgene
Na minha lista:
| Autor principal: | |
|---|---|
| Formato: | Livro |
| Idioma: | Undetermined |
| Publicado em: |
Geneva
WHO
1997
|
| Assuntos: | |
| Tags: |
Adicionar Tag
Sem tags, seja o primeiro a adicionar uma tag!
|
| Thư viện lưu trữ: | Trung tâm Học liệu Trường Đại học Cần Thơ |
|---|
| LEADER | 00554nam a2200193Ia 4500 | ||
|---|---|---|---|
| 001 | CTU_23022 | ||
| 008 | 210402s9999 xx 000 0 und d | ||
| 082 | |a 363.7384 | ||
| 082 | |b W927/N193 | ||
| 100 | |a WHO | ||
| 245 | 0 | |a Environmental health criteria; N.193 | |
| 245 | 0 | |b Phosgene | |
| 245 | 0 | |c WHO | |
| 260 | |a Geneva | ||
| 260 | |b WHO | ||
| 260 | |c 1997 | ||
| 650 | |a environmental exposure,phosgene - adverse effects,phosgene - toxicity | ||
| 904 | |i Nguyễn Quang Điền, 980713 | ||
| 980 | |a Trung tâm Học liệu Trường Đại học Cần Thơ | ||